00342cam a2200145u 4500001000800000005001700008008004100025010001700066040001900083041000800102080001200110100000700122101000800129245005900137920648320180131050402.0821202s1927 enkac 000 0 eng  a 27013020  aDLCcCarPdDLC aeng a33 GRE1 a52 aECO10aLondon essays in economics: in honour of Edwin Cannan.